ბათუმის შოთა რუსთაველის სახელმწიფო უნივერსიტეტის ბიბლიოთეკა

ოპერატორი სატელევიზიო სივრცეში / (ბიბ.ჩანაწერი № 51489)

000 -ლიდერი
ფიქსირებული სიგრძის საკონტროლო ველი 01254nam a2200265Ia 4500
001 - საკონტროლო ნომერი
საკონტროლო ველი 18475
003 - საკონტროლო ნომრის იდენტიფიკატორი
საკონტროლო ველი GE_BSU
005 - ბოლო ოპერაციის თარიღი და დრო
საკონტროლო ველი 20231024164148.0
008 - ფიქსირებული სიგრძის მონაცემთა ელემენტები - ზოგადი ინფორმაცია
ფიქსირებული სიგრძის საკონტროლო ველი 181216s2010||||ge |||||||||||||| ||geo||
040 ## - კატალოგიზაციის წყარო
Transcribing agency GE_BSU
041 ## - ენის კოდი
Language code of text/sound track or separate title geo
080 ## - უნივერსალური ათობითი კლასიფიკაციის ინდექსი
Universal Decimal Classification number 654.197 ო-51
100 ## - მთავარი ჩანაწერი - პიროვნების სახელი
Personal name ორმოცაძე, ბესარიონ
9 (RLIN) 20226
245 ## - ცნობა სათაურის შესახებ
Title ოპერატორი სატელევიზიო სივრცეში /
Statement of responsibility, etc ბესარიონ ორმოცაძე; [რედ. ლიანა ჩარკვიანი; წინათქმა ნინო მეგრელიშვილი].
264 ## - წარმოების, გამოცემის, დისტრიბუციის და სხვა ცნობები
გამოცემის, წარმოების, დისტრიბუციის... ადგილი თბილისი,
გამოცემის, წარმოების, დისტრიბუციის... თარიღი 2010.
300 ## - ფიზიკური აღწერა
Extent 201გვ. :
Other physical details ნახ., ცხრ., ფოტ. ;
Dimensions 20 სმ.
300 ## - ფიზიკური აღწერა
Accompanying material ბიბლიოგრ.: გვ. 201
500 ## - ზოგადი შენიშვნა
General note გარეკანის მხატვ. ილიკო ფოფხაძე.
504 ## - BIBLIOGRAPHY, ETC. NOTE
Bibliography, etc ბიბლიოგრ.: გვ. 201.
653 ## - INDEX TERM--UNCONTROLLED
Uncontrolled term ტელეოპერატორი
700 ## - ADDED ENTRY--PERSONAL NAME
Personal name ჩარკვიანი, ლიანა
Relator term რედაქტორი
9 (RLIN) 20227
700 ## - ADDED ENTRY--PERSONAL NAME
Personal name მეგრელიშვილი, ნინო
Relator term წინათქმა.
9 (RLIN) 20228
942 ## - ADDED ENTRY ELEMENTS (KOHA)
Koha item type წიგნი
Source of classification or shelving scheme
ეგზემპლარები
ჩამოწერის სტატუსი დაკარგული ეგზემპლარის სტატუსი კლასიფიკაციის წყარო ან თაროზე გაწყობის სქემა დაზიანების სტატუსი არ გაიცემა მუდმივი მდებარეობა (დაცვის ადგილი) ამჟამინდელი ადგილსამყოფელი თაროზე განთავსების ადგილი შეძენის თარიღი ღირებულება, შესყიდვის ნორმალური ფასი სრული შენახვის შიფრი შტრიხკოდი ბოლო ოპერაციის თარიღი ეგზემპლარის მიმდევრობითი ნომერი (კეტერი?) ფასის ძალაში შესვლის თარიღი ეგზემპლარის სახეობა საჯარო შენიშვნა
          ბათუმის შოთა რუსთაველის სახელმწიფო უნივერსიტეტის მთავარი ბიბლიოთეკა ბათუმის შოთა რუსთაველის სახელმწიფო უნივერსიტეტის მთავარი ბიბლიოთეკა წიგნსაცავი 2018-12-17 38.00 654.197 ო-51 47318 2018-12-17 47318 2018-12-17 წიგნი 38 ლ.
          ბათუმის შოთა რუსთაველის სახელმწიფო უნივერსიტეტის მთავარი ბიბლიოთეკა ბათუმის შოთა რუსთაველის სახელმწიფო უნივერსიტეტის მთავარი ბიბლიოთეკა წიგნსაცავი 2018-12-17 38.00 654.197 ო-51 47319 2018-12-17 47319 2018-12-17 წიგნი 38 ლ.
          ბათუმის შოთა რუსთაველის სახელმწიფო უნივერსიტეტის მთავარი ბიბლიოთეკა ბათუმის შოთა რუსთაველის სახელმწიფო უნივერსიტეტის მთავარი ბიბლიოთეკა წიგნსაცავი 2018-12-17 38.00 654.197 ო-51 47320 2018-12-17 47320 2018-12-17 წიგნი 38 ლ.
          ბათუმის შოთა რუსთაველის სახელმწიფო უნივერსიტეტის მთავარი ბიბლიოთეკა ბათუმის შოთა რუსთაველის სახელმწიფო უნივერსიტეტის მთავარი ბიბლიოთეკა წიგნსაცავი 2018-12-17 38.00 654.197 ო-51 47321 2018-12-17 47321 2018-12-17 წიგნი 38 ლ.
          ბათუმის შოთა რუსთაველის სახელმწიფო უნივერსიტეტის მთავარი ბიბლიოთეკა ბათუმის შოთა რუსთაველის სახელმწიფო უნივერსიტეტის მთავარი ბიბლიოთეკა წიგნსაცავი 2018-12-17 38.00 654.197 ო-51 47322 2018-12-17 47322 2018-12-17 წიგნი 38 ლ.